000 01050cam a2200277 i 4500
003 SA-RiAUC
005 20250617072819.0
008 250607s2003 su g 00000 ara c
040 _aSA-RiKSU
_bara
_cSA-RiAUC
_erda
082 0 4 _a091.1
090 _a091.1
_b ي ا س
100 1 _aياسين، حكمت بشير،
_d1955-
_eمؤلف.
245 1 0 _aكتب التراث بين الحوادث والإنبعاث /
_cتأليف حكمت بن بشير ياسين.
250 _aالطبعة الأولى.
264 1 _aالدمام، السعودية :
_bدار ابن الجوزي،
_c[2003]
300 _a310 صفحة ؛
_c24 سم
336 _aنص
_btxt
_2rdacontent
_3كتاب
337 _aبدون وسيط
_bn
_2rdamedia
338 _aمجلد
_bnc
_2rdacarrier
650 7 _aالتراث العربي
_2aucsh
650 7 _aالكتب
_xتاريخ
_2aucsh
650 7 _aالمخطوطات العربية
_2aucsh
650 7 _aالمخطوطات
_xتحقيق.
_2aucsh
942 _2ddc
_cBOOK
_n0
949 _aSA-JeALM
_d250607
_umohamedma123
_n1
999 _c9080
_d9080